| 000 | 01266nam a22002417a 4500 | ||
|---|---|---|---|
| 001 | 1842 | ||
| 005 | 20250821141828.0 | ||
| 020 | _a9780765359841 | ||
| 040 |
_aFISKH _beng _cFISKH _dFISKH |
||
| 050 | _aPZ7.D128 | ||
| 082 | _a813.54 | ||
| 100 | _aDadey, Debbie | ||
| 245 |
_aInside the magic / _cDebbie Dadey and Marcia Thornton Jones Illustrated by Adam Stower |
||
| 260 |
_aNew York : _bTom Doherty Associates, LLC, _c2009 |
||
| 300 |
_a116 pages : _c20 cm |
||
| 490 |
_aKeyholders _vBook 3 |
||
| 505 | _aK | ||
| 520 | _a"Inside the Magic is the third in a series of light fantasy chapter books set in Morgantown, a town on the border between the real world and the magical world, by the authors of the Publishers Weekly best selling BAILEY SCHOOL KIDS--a series of 50 books with more than 30 million copies sold! Oh, no! Mr. Leery has been kidnapped by the evil Queen of the Boggarts. It's up to the apprentice Keyholders Penny, Luke, and Natalie to rescue him. Together with their links, a unicorn named Kirin, a dragon named Dracula, and a rat named Buttercup, the three Keyholders cross the border to the outlandishness magic..." | ||
| 521 |
_a590
_bLexile |
||
| 521 |
_aK
_bRaz-Plus |
||
| 700 |
_aJones, Marcia Thornton _eauthor |
||
| 942 |
_2ddc _cBK _n0 |
||
| 999 |
_c1842 _d1842 |
||